00513nam a2200145Ia 4500008004100000020001800041050001900059100001900078245008000097260002600177300002000203500006000223650003900283700004500322120720s9999 xx 000 0 und d a968-29-1328-4 aLB775 R46 1987 aREYES, ALFONSO aALFONSO REYES Y LA EDUCACION / ANTOLOGIA PREPARADA POR CLAUDIA REYES TRIGOS aMEXICO : EL CABALLITO a166 P. / 21 CM. aSELECCION DE ESCRITOS PREVIAMENTE PUBLICACDOS 1907-1960 a1. EDUCACION -- MEXICO -- HISTORIA aREYES TRIGOS, CLAUDIA, ANTOLOGISTÀ̀